| 000 | 00621nam a22002417a 4500 | ||
|---|---|---|---|
| 001 | 0074 | ||
| 003 | DO-SdBNP | ||
| 005 | 20171113112745.0 | ||
| 007 | 0074 | ||
| 008 | 151117b sp 2004 xxu||||| |||| 00| 0 spa d | ||
| 040 |
_aBPMSU _bspa _cBPMSU |
||
| 082 | 4 |
_a796.334 _bV195f |
|
| 100 | 1 | 0 | _aValls, Joan |
| 245 | 1 | 0 |
_aFútbol de la "A ala Z" / _cJoan Valls |
| 260 |
_aBarcelona : _bSony , _c2004. |
||
| 300 |
_a176 p. : _bil., _c22 cm. |
||
| 650 | _aFUTBOL | ||
| 650 | _aFUTBOLISTAS | ||
| 942 |
_2ddc _cBK |
||
| 945 | _aInventariado, 2017/MFF | ||
| 956 | _aBrenda Tavárez | ||
| 956 | _aValidado. Control de calidad MFF | ||
| 999 |
_c8760 _d8760 |
||